• 首页
  • 本馆介绍
  • 公告通知
  • 最新文献
  • 馆藏检索
  • 电子资源
  • 读者导购
  • 参考咨询
  • 我的图书馆
  • 登录
  • 详细信息显示
  • 放入我的书架
  • 预约/预借图书
  • 作者相关作品
  • 分类相关作品
  • 丛书相关作品
  • 出版社相关作品

书目信息

  • 表格格式
  • 工作单格式
  • 卡片格式
题名:
教育改革进行时
    
 
作者: 韩瑞峰 主编
分册:  
出版信息: 北京   中国国际广播出版社  2017
页数: 250页
开本: 21cm
丛书名:
单 册:
中图分类: G639.21-53
科图分类:
主题词: 中小学教育--zhong xiao xue jiao yu--教育改革--中国--文集
电子资源:
ISBN: 978-7-5078-3935-7
000 00838nam0 2200241 450
001 012001002909
005 20130124142031.0
010    @a978-7-5078-3935-7@dCNY30.00
099    @aCAL 012017146123
100    @a20110315d2017 em y0chiy50 ea
101 0  @achi
102    @aCN@b110000
105    @ay z 000yy
106    @ar
200 1  @a教育改革进行时@Ajiao yu gai ge jin xing shi@e应城市中小学教育论坛系列文稿汇编@f主编韩瑞峰
210    @a北京@c中国国际广播出版社@d2017
215    @a250页@d21cm
517 1  @a应城市中小学教育论坛系列文稿汇编@Aying cheng shi zhong xiao xue jiao yu lun tan xi lie wen gao hui bian
606 0  @a中小学教育@Azhong xiao xue jiao yu@x教育改革@y中国@j文集
690    @aG639.21-53@v5
701  0 @a韩瑞峰@Ahan rui feng@4主编
801  2 @aCN@b江苏凤凰@c20191020
905    @b1216703-6@dG639.21-53@e1400@f4
    
    教育改革进行时:应城市中小学教育论坛系列文稿汇编/主编韩瑞峰.-北京:中国国际广播出版社,2017
    250页;21cm
    
    
    ISBN 978-7-5078-3935-7:CNY30.00
    
●
相关链接 在E读中查询图书 在五车中查询图书 在当当中查询图书 在豆瓣中查询图书


正题名:教育改革进行时     索取号:G639.21-53/1400         预约/预借

序号 登录号 条形码 馆藏地/架位号 状态 备注
1 1216703   212167037   第一样本阅览室/ [索取号:G639.21-53/1400] 在馆    
2 1216704   212167046   教育系资料室/ [索取号:G639.21-53/1400] 在馆    
3 1216705   212167055   教育系资料室/ [索取号:G639.21-53/1400] 在馆    
4 1216706   212167064   第四借阅区/ [索取号:G639.21-53/1400] 在馆    
唐山师范学院图书馆 欢迎您!
大连网信软件有限公司© 版权所有